[Event "HUN-chT2 Asztalos 1718"]
[Site "Hungary"]
[Date "2018.03.04"]
[Round "7.11"]
[White "Furi, Janos"]
[Black "Dan, Daniel"]
[Result "0-1"]
[WhiteElo "1702"]
[BlackElo "1744"]
[PlyCount "46"]
[EventDate "2017.10.29"]
[EventType "team-tourn"]
[EventRounds "9"]
[EventCountry "HUN"]
[SourceTitle "EXT 2021"]
[Source "ChessBase"]
[SourceDate "2020.10.23"]
[SourceVersion "1"]
[SourceVersionDate "2020.10.23"]
[SourceQuality "1"]
[WhiteTeam "Nagyatad"]
[BlackTeam "Marcali"]
[WhiteTeamCountry "HUN"]
[BlackTeamCountry "HUN"]

1. e4 e5 2. Nf3 Nf6 3. Nc3 Bb4 4. d3 Nc6 5. Bg5 0-0 6. Be2 Re8 7. 0-0 Bxc3 8. bxc3 Qe7 9. Qd2 b6 10. Nh4 d6 11. f4 h6 12. fxe5 Nxe4 13. dxe4 hxg5 14. Rxf7 Qxf7 15. Qxg5 Rxe5 16. Qg3 Be6 17. Rf1 Qe7 18. Ng6 Qg5 19. Nxe5 Qxg3 20. hxg3 Nxe5 21. a3 Bc4 22. Bxc4+ Nxc4 23. Ra1 Re8 0-1

[Event "HUN-chT2 Asztalos 1617"]
[Site "Hungary"]
[Date "2017.03.12"]
[Round "10.10"]
[White "Fur, Katinka"]
[Black "Furi, Janos"]
[Result "1/2-1/2"]
[WhiteElo "2005"]
[BlackElo "1707"]
[PlyCount "168"]
[EventDate "2016.09.25"]
[EventType "team-tourn"]
[EventRounds "11"]
[EventCountry "HUN"]
[SourceTitle "EXT 2021"]
[Source "ChessBase"]
[SourceDate "2020.10.23"]
[SourceVersion "1"]
[SourceVersionDate "2020.10.23"]
[SourceQuality "1"]
[WhiteTeam "Balatonfuered"]
[BlackTeam "Nagyatad"]
[WhiteTeamCountry "HUN"]
[BlackTeamCountry "HUN"]

1. d4 Nf6 2. Nf3 e6 3. c4 b6 4. g3 Ba6 5. b3 Bb4+ 6. Bd2 Be7 7. Bg2 c6 8. 0-0 d5 9. Ne5 0-0 10. Bc3 Nfd7 11. Nd2 Nxe5 12. dxe5 Nd7 13. Rc1 Rc8 14. Bb2 b5 15. cxd5 cxd5 16. Nf3 Qb6 17. Qd2 b4 18. Rfe1 Nc5 19. Bd4 Qb8 20. Qe3 Qb5 21. Rc2 Ne4 22. Rec1 h6 23. Ne1 Nc3 24. Bxc3 bxc3 25. Rxc3 Rxc3 26. Qxc3 Rc8 27. Qb2 Rxc1 28. Qxc1 Qxe2 29. Qe3 Qxa2 30. Bf1 Bxf1 31. Kxf1 Qa5 32. Kg2 Bc5 33. Qc1 Qb4 34. Qb1 Qd2 35. Nd3 Bd4 36. Kf1 Kf8 37. b4 Qc3 38. b5 Bxe5 39. Qb4+ Qxb4 40. Nxb4 Bd4 41. Ke2 Ke8 42. f3 Kd7 43. Nc6 Bc5 44. Ne5+ Ke8 45. Kd2 f6 46. Nd3 Bd6 47. Nb2 Kd7 48. Na4 Bb4+ 49. Kd3 Kd6 50. Kd4 e5+ 51. Kd3 g5 52. g4 Ke6 53. h3 f5 54. b6 axb6 55. Nxb6 fxg4 56. hxg4 Kd6 57. Na4 Kc6 58. Nb2 Kb5 59. Nd1 Bc5 60. Nc3+ Kc6 61. Ne2 Bb4 62. Ng3 Kb5 63. Nh5 Be7 64. Ng7 Kc6 65. Nf5 Bf8 66. Ke3 Kd7 67. Kd3 Ke6 68. Ng3 Kf6 69. Nh5+ Kg6 70. Ng3 Bb4 71. Ke2 Bd6 72. Nf5 Bc5 73. Ng3 Bg1 74. Kd3 Bh2 75. Nh5 Bf4 76. Ke2 e4 77. fxe4 dxe4 78. Kf2 Kf7 79. Ke2 Ke6 80. Ng7+ Kd5 81. Nf5 h5 82. gxh5 g4 83. h6 Be5 84. Ne3+ Ke6 1/2-1/2

[Event "HUN-chT2 Asztalos 1516"]
[Site "Hungary"]
[Date "2015.10.18"]
[Round "3.10"]
[White "Furi, Janos"]
[Black "Bernath, Bence"]
[Result "0-1"]
[WhiteElo "1775"]
[BlackElo "1307"]
[PlyCount "140"]
[EventDate "2015.09.13"]
[EventType "team-tourn"]
[EventRounds "11"]
[EventCountry "HUN"]
[SourceTitle "CBM 170 Extra"]
[Source "ChessBase"]
[SourceDate "2016.02.25"]
[SourceVersion "1"]
[SourceVersionDate "2016.02.25"]
[SourceQuality "1"]
[WhiteTeam "Nagyatad"]
[BlackTeam "Pet"]
[WhiteTeamCountry "HUN"]
[BlackTeamCountry "HUN"]

1. e4 e5 2. Nf3 Nc6 3. Bb5 Nf6 4. 0-0 Nxe4 5. Re1 Nd6 6. Bxc6 dxc6 7. Nxe5 Be7 8. Qe2 Be6 9. Nc3 Nf5 10. Nf3 0-0 11. d3 c5 12. Bf4 c6 13. Ne4 Nd4 14. Nxd4 cxd4 15. Qh5 Qd5 16. Qf3 Rad8 17. Qg3 Qf5 18. Re2 Qh5 19. f3 Bh4 20. Nf6+ Bxf6 21. Be5 Qg6 22. Qxg6 hxg6 23. Bxf6 gxf6 24. Rae1 Rd5 25. Re4 Rfd8 26. Rh4 Rh5 27. Rhe4 Rdd5 28. b4 Rhe5 29. a3 Bf5 30. R4e2 Rxe2 31. Rxe2 Re5 32. Kf2 g5 33. h3 Kg7 34. Rd2 Re3 35. Rd1 b5 36. Ra1 Bxd3 37. cxd3 Rxd3 38. Ke2 Rc3 39. Kd2 Kf8 40. a4 a6 41. axb5 axb5 42. Rb1 Ke7 43. Rb2 Kd6 44. Rb1 Kd5 45. Re1 Kc4 46. Re7 d3 47. Re4+ Kb3 48. g3 f5 49. Rd4 Rc4 50. Kxd3 Rxd4+ 51. Kxd4 Kxb4 52. h4 c5+ 53. Kd3 gxh4 54. gxh4 Kb3 55. Kd2 Kb2 56. h5 c4 57. h6 c3+ 58. Ke2 c2 59. h7 c1Q 60. h8Q+ Qc3 61. Qe8 Qc4+ 62. Kd1 Qd5+ 63. Ke2 Qe6+ 64. Qxe6 fxe6 65. f4 Kc2 66. Ke3 b4 67. Kd4 b3 68. Ke5 b2 69. Kxe6 b1Q 70. Kxf5 Qb5+ 0-1

[Event "Gyor Amateur op 4th"]
[Site "Gyor"]
[Date "2015.08.28"]
[Round "2"]
[White "Furi, Janos"]
[Black "Sarmasi, Peter"]
[Result "1-0"]
[WhiteElo "1750"]
[BlackElo "1688"]
[PlyCount "89"]
[EventDate "2015.08.28"]
[EventType "swiss"]
[EventRounds "5"]
[EventCountry "HUN"]
[SourceTitle "EXT 2016"]
[Source "ChessBase"]
[SourceDate "2015.10.08"]
[SourceVersion "1"]
[SourceVersionDate "2015.10.08"]
[SourceQuality "1"]

1. e4 c5 2. Nc3 Nc6 3. g3 e6 4. Bg2 Nf6 5. d3 Be7 6. Nge2 d5 7. exd5 Nxd5 8. 0-0 0-0 9. Bd2 Bf6 10. Rb1 a6 11. a3 Qd7 12. Nxd5 exd5 13. Nc3 d4 14. Nd5 Bd8 15. Re1 b5 16. Qh5 Ra7 17. Be4 g6 18. Qh6 f5 19. Bg2 Ne7 20. Nf4 Qd6 21. Re2 a5 22. Rbe1 c4 23. Ne6 Bxe6 24. Rxe6 Qd7 25. Bg5 Rf7 26. Qh4 cxd3 27. cxd3 Rc7 28. Bf6 b4 29. axb4 axb4 30. Bxd4 Nc6 31. Bxc6 Bxh4 32. Bxd7 Rcxd7 33. Re8+ Rf8 34. Bc5 Rxe8 35. Rxe8+ Kf7 36. Rf8+ Kg7 37. gxh4 Rxd3 38. Bxb4 Rb3 39. Rb8 Rd3 40. Bc3+ Kh6 41. Rb7 f4 42. Kg2 f3+ 43. Kg3 Rd5 44. Kg4 g5 45. Rb6+ 1-0

[Event "HUN-chT2 Asztalos 1415"]
[Site "Hungary"]
[Date "2015.03.01"]
[Round "7"]
[White "Furi, Janos"]
[Black "Mezei, Szilard"]
[Result "1/2-1/2"]
[WhiteElo "1728"]
[BlackElo "1661"]
[PlyCount "74"]
[EventDate "2014.10.12"]
[EventType "team-tourn"]
[EventRounds "9"]
[EventCountry "HUN"]
[SourceTitle "EXT 2016"]
[Source "ChessBase"]
[SourceDate "2015.10.08"]
[SourceVersion "1"]
[SourceVersionDate "2015.10.08"]
[SourceQuality "1"]
[WhiteTeam "Nagyatad"]
[BlackTeam "Dunaujvaros"]
[WhiteTeamCountry "HUN"]
[BlackTeamCountry "HUN"]

1. e4 c5 2. Nc3 Nc6 3. g3 e6 4. Bg2 Nf6 5. d3 d5 6. exd5 exd5 7. Nge2 Bg4 8. 0-0 Be7 9. Bg5 0-0 10. Qd2 Ne5 11. f4 Nc6 12. Bxf6 Bxf6 13. Nxd5 Bxb2 14. Rab1 Bxe2 15. Qxe2 Bd4+ 16. Kh1 Re8 17. Qh5 g6 18. Qg4 Ne7 19. c4 f5 20. Qh3 Rb8 21. Rbe1 Nxd5 22. Bxd5+ Kg7 23. g4 Qf6 24. g5 Qf8 25. Qh6+ Kh8 26. Qxf8+ Rxf8 27. Re7 Rfe8 28. Rfe1 Rxe7 29. Rxe7 Bc3 30. Kg2 Bb4 31. Kf3 Bc3 32. Bxb7 a5 33. a4 Rd8 34. Bd5 Rb8 35. h3 Bd4 36. Ra7 Bc3 37. Re7 Bd4 1/2-1/2